| 000 | 00947nam0a22002771 4500 | ||
|---|---|---|---|
| 001 | rc\4475188 | ||
| 005 | 20250612093440.0 | ||
| 021 |
_aRU _b[59-53220] |
||
| 035 | _a(NLR Aleph) 008598682 | ||
| 090 |
_a8689975 _c8689975 |
||
| 100 | _a20130416d1959 |||y0rusy50 ca | ||
| 101 | 0 | _arus | |
| 102 | _aRU | ||
| 105 | _aa z ||||| | ||
| 200 | 1 | _aВыращивание телят | |
| 210 |
_aМосква _aЛенинград _cСельхозгиз _d1959 |
||
| 215 |
_a101 с. _cил. _d20 |
||
| 300 | _aПеред загл. авт.: В.М. Крылов, канд. с.-х. наук | ||
| 606 |
_aТелята _xВыращивание _2psbo |
||
| 700 | 1 |
_aКрылов _bВ. М. _cд-р с.-х. наук, животноводство _f1925- _gВладимир Михайлович _9222520 _3RU\NLR\AUTH\770222576 |
|
| 801 | 0 |
_aRU _bNLR _gpsbo |
|
| 801 | 1 |
_aRU _bELAR _2rusmarc |
|
| 852 |
_aNLR _j59-3/4521 |
||
| 942 | _cBOOK | ||
| 980 | _aNB | ||